World famous hilarious stories / (Record no. 41160)

MARC details
000 -LEADER
fixed length control field 00694nam a22002057a 4500
010 ## - LCCN (DPL NO)
LC control number ENG-99754
020 ## - INTERNATIONAL STANDARD BOOK NUMBER
Terms of availability 400.00
International Standard Book Number 9788189433109
035 ## - SYSTEM CONTROL NUMBER
System control number EN-83286
037 ## - SOURCE OF ACQUISITION
Source of stock number/acquisition DBAD / PUB
082 ## - DEWEY DECIMAL CLASSIFICATION NUMBER
Classification number S
100 ## - MAIN ENTRY--PERSONAL NAME
Personal name Khatry, Vikash
245 ## - TITLE STATEMENT
Title World famous hilarious stories /
Statement of responsibility, etc by Vikash Khatry
260 ## - PUBLICATION, DISTRIBUTION, ETC. (IMPRINT)
Place of publication, distribution, etc Delhi
Name of publisher, distributor, etc Calibore Publishers
Date of publication, distribution, etc 2010
270 ## - ADDRESS
Address L-46, IInd Floor, Street No.5 Shivaji Marg, Kartar Nagar
City Delhi
Postal code 110053
300 ## - PHYSICAL DESCRIPTION
Extent 208p.
Dimensions 22cm (Hb)
600 ## - SUBJECT ADDED ENTRY--PERSONAL NAME
Personal name Baba Visakha Singh
General subdivision Biography.
700 ## - ADDED ENTRY--PERSONAL NAME
9 (RLIN) 10254
942 ## - ADDED ENTRY ELEMENTS (KOHA)
Source of classification or shelving scheme Dewey Decimal Classification
Item type English Books
Call number suffix KHA
Classification part S
Holdings
Withdrawn status Lost status Not for loan Collection code Home library Current library Date acquired Source of acquisition Cost, normal purchase price Full call number Barcode Copy number Cost, replacement price Koha item type
    Not For Loan Fiction D.B.Act.Division D.B.Act.Division 11/08/2010 DBAD/PUB 400.00 KHA EN-83286 1 400.00 English Books

© Delhi Public Library
Hit Counter
free hit counter